Nghi lễ đời người
Gardado en:
| Autor Principal: | |
|---|---|
| Formato: | Libro |
| Idioma: | Undetermined |
| Publicado: |
Hà Nội
Văn hóa dân tộc
2000
|
| Những chủ đề: | |
| Các nhãn: |
Engadir etiqueta
Sen Etiquetas, Sexa o primeiro en etiquetar este rexistro!
|
| Thư viện lưu trữ: | Trung tâm Học liệu Trường Đại học Cần Thơ |
|---|
| LEADER | 00563nam a2200193Ia 4500 | ||
|---|---|---|---|
| 001 | CTU_64803 | ||
| 008 | 210402s9999 xx 000 0 und d | ||
| 020 | |c 18000 | ||
| 082 | |a 392 | ||
| 082 | |b V500 | ||
| 100 | |a Lê, Trung Vũ | ||
| 245 | 0 | |a Nghi lễ đời người | |
| 245 | 0 | |c Lê Trung Vũ, Lưu Kiếm Thanh, Nguyễn Hồng Dương | |
| 260 | |a Hà Nội | ||
| 260 | |b Văn hóa dân tộc | ||
| 260 | |c 2000 | ||
| 650 | |a Folklore | ||
| 904 | |i TUYẾN,Hải | ||
| 980 | |a Trung tâm Học liệu Trường Đại học Cần Thơ | ||